Random Questions about Cinema - Statistics

General Stats
  • This quiz has been taken 92 times
  • The average score is 4 of 10
Answer Stats
Question Answer % Correct
For two minutes, La La Land won the Oscar for Best Picture. But it was a mistake, which movie really won ? Moonlight
74%
Who played in the Schindler's List, Harry Potter and the Goblet of Fire and The Grand Budapest Hotel ? Ralph Fiennes
44%
What is the first Quentin Tarantino movie ? Reservoir Dogs
44%
In what year was The Truman Show released 1998
40%
What is the last Stanley Kubrick film ? Eyes Wide Shut
40%
Who played in Unforgiven, The Conversation and The Royal Tenenbaums ? Gene Hackman
36%
Who has the record for most Oscar as best actress in a leading role ? Katharine Hepburn
27%
Who directed the Empire Strikes Back ? Irvin Kershner
20%
What is the first movie to have won the Oscar for Best Picture ? Wings
17%
Who directed Planet of the Apes (1968) ? Franklin J. Schaffner
7%
No matching quizzes found
Score Distribution
Percent of People with Each Score
Percentile by Number Answered
Your Score History
You have not taken this quiz